Инвестиционный менеджмент: учебник и практикум для академического бакалавриата

Detalles Bibliográficos
Autor Corporativo: Финансовый университет при Правительстве Российской Федерации
Outros autores: Кузнецов Д. В. Дмитрий Валерьевич (редактор)
Summary:Предлагаемый учебник представляет собой развернутый курс по инвестицион­ному менеджменту в рамках образовательных программ бакалавриата и магистратуры по направлениям «Менеджмент» и «Экономика». В учебнике раскрыты вопросы управления инвестиционной деятельностью хозяй­ствующих субъектов, рассматриваются конкретные направления инвестиционного менеджмента и приводятся примеры осуществления инвестиционной деятельности для успешного функционирования организаций на инвестиционном рынке. Особое внимание уделяется современным инструментам инвестиционного менеджмента с учетом специфики практического использования. Содержание учебника и практикума соответствует требованиям Федерального государственного образовательного стандарта высшего образования. Для студентов, обучающихся по направлениям «Менеджмент» и «Экономика», также может быть полезен аспирантам и преподавателям.
Idioma:ruso
Publicado: Москва, Юрайт, 2016
Series:Бакалавр. Академический курс
Subjects:
Formato: Libro
KOHA link:https://koha.lib.tpu.ru/cgi-bin/koha/opac-detail.pl?biblionumber=322544

MARC

LEADER 00000nam0a2200000 4500
001 322544
005 20231102003502.0
010 |a 9785991671309 
035 |a (RuTPU)RU\TPU\book\348103 
090 |a 322544 
100 |a 20160930d2016 m y0rusy50 ca 
101 0 |a rus 
102 |a RU 
105 |a y j 001zy 
200 1 |a Инвестиционный менеджмент  |e учебник и практикум для академического бакалавриата  |f Финансовый университет при Правительстве Российской Федерации ; под ред. Д. В. Кузнецова 
210 |a Москва  |c Юрайт  |d 2016 
215 |a 276 с. 
225 1 |a Бакалавр. Академический курс 
320 |a Библиогр.: с. 270-271 
330 |a Предлагаемый учебник представляет собой развернутый курс по инвестицион­ному менеджменту в рамках образовательных программ бакалавриата и магистратуры по направлениям «Менеджмент» и «Экономика». В учебнике раскрыты вопросы управления инвестиционной деятельностью хозяй­ствующих субъектов, рассматриваются конкретные направления инвестиционного менеджмента и приводятся примеры осуществления инвестиционной деятельности для успешного функционирования организаций на инвестиционном рынке. Особое внимание уделяется современным инструментам инвестиционного менеджмента с учетом специфики практического использования. Содержание учебника и практикума соответствует требованиям Федерального государственного образовательного стандарта высшего образования. Для студентов, обучающихся по направлениям «Менеджмент» и «Экономика», также может быть полезен аспирантам и преподавателям. 
606 1 |a Инвестиционный менеджмент  |2 stltpush  |3 (RuTPU)RU\TPU\subj\69346  |9 84237 
610 1 |a экономика 
610 1 |a управление 
610 1 |a инвестиции 
610 1 |a инвестиционная деятельность 
610 1 |a планирование 
610 1 |a финансовые активы 
610 1 |a реальные активы 
610 1 |a финансирование 
610 1 |a источники 
610 1 |a инвестиционные риски 
610 1 |a анализ 
610 1 |a оценка 
610 1 |a практикумы 
610 1 |a учебники 
686 |a У9(2)0-56я73  |v LBC/SL-A  |2 rubbk 
702 1 |a Кузнецов  |b Д. В.  |g Дмитрий Валерьевич  |4 340 
712 0 2 |a Финансовый университет при Правительстве Российской Федерации  |c (Москва)  |c (2010- )  |2 stltpush  |3 (RuTPU)RU\TPU\col\17114  |9 26530 
801 1 |a RU  |b 63413507  |c 20160930 
801 2 |a RU  |b 63413507  |c 20161007  |g RCR 
900 |a Инвестиционный менеджмент 
942 |c BK 
951 |l 8.1